| 000 | 00919cab a2200241 4500 | ||
|---|---|---|---|
| 001 | WB3028-30 | ||
| 008 | 090401t1994 xxu||||| |||| 00| 0 eng d | ||
| 035 | _a(Sirsi) u10524 | ||
| 041 | _aeng | ||
| 245 | _aCode of practice proposed on upward only rent reviews | ||
| 260 | _c1994 | ||
| 350 | _a0 | ||
| 490 |
_aDoE News Release _v(434) 19 July 1994, |
||
| 490 |
_aRICS Press Release _v(PR122/94COMM) 19 July 1994 |
||
| 490 |
_aGuardian _v20 July 1994, 13 (9) |
||
| 520 | _aThe Government has rejected the idea of legislating against landlords imposing upwards-only rent reviews in favour of encouraging the property industry to adopt a code of practice introducing flexible leasing procedures. RICS comments. | ||
| 650 | _aCODE OF PRACTICE | ||
| 650 | _aCONFIDENTIALITY CLAUSES | ||
| 650 | _aUPWARD ONLY RENT REVIEWS | ||
| 690 | _aLANDLORD AND TENANT-BUSINESS TENANCIES | ||
| 942 | _n0 | ||
| 948 | _c04/03/1997 | ||
| 999 |
_c6649 _d6649 |
||